000 00425nam a2200133 4500
999 _c1204
_d1204
008 200114b ||||| |||| 00| 0 eng d
082 0 0 _a621.811076
_bA6371
245 1 0 _aSolution of Problems in Mechanics of Machines: General Dynamics in One, Two and Three Dimensions
_cby S Anvoner
260 _aLondon
_bPitman Publishing
_c1970
300 _avii, 525 p.
490 0 _vVol 1
650 0 _aMachinery--Dynamics
942 _2ddc
_cBK